000 00902nam a22002537a 4500
001 3215
003 FISKH
005 20250325122952.0
008 240220b cb ||||| |||| 00| 0 eng d
020 _a9780733977145
040 _aFISKH
_beng
_cFISKH
_dFISKH
082 _a910
100 _aZuylen, Sue Van
245 _aGeography focus 1 /
_cSue van Zuylen, Glyn Trethewy, Helen McIsaac
250 _aThis edition published in 2013
260 _aVitoria :
_bPearson,
_c2007
300 _a350 pages :
_bcolor illustrations ;
_c28 cm
520 _aGeography Focus is a series specifically written to provide comprehensive coverage of the Stages 4-5 New South Wales Geography syllabus.
650 _aGeography
_vTextbooks
_xMcIsaac, Helen
_ySue Van Zuylen
_zGeography focus
700 _aTrethewy, Glyn
_eAuthor
700 _aMcIsaac, Helen
_eAuthor
942 _2ddc
_cBK
_n0
999 _c3215
_d3215